000 00571nam a2200217Ia 4500
003 OSt
005 20221005130217.0
006 a|||||r|||| 00| 0
007 ta
008 221004b |||||||| |||| 00| 0 tam d
024 _a46957
037 _cTextual
040 _aCRL
_cCRL
_btam
041 _2tam
_atam
082 _aNR21xMMUx, 31L5
100 _aMuruganar Swami
_9637761
245 0 _aRaman nanhindi mural chila padalgal
650 _aMUSIC
_917402
942 _hNR21xMMUx, 31L5
_cTEXL
_2cc
999 _c1056438
_d1056438